000 00631nam a2200205 u 4500
005 20220816162151.0
008 160307s2001 r 000 0 eng d
020 _a968784535X
035 _aUPN01000208771
049 _aCG
050 4 _aHQ767.15
_bR4.2
100 1 _aRentería Díaz, Adrián,
_d1956-
_939034
245 1 3 _aEl aborto :
_bentre la moral y el derecho /
_cAdrián Rentería Díaz.
260 _aMéxico :
_bUACJ,
_c2001.
300 _a237 p.
650 7 _aAborto
_xAspectos morales y éticos
_zMéxico
_2
_924952
650 7 _aAborto
_vLeyes y legislación
_zMéxico
_2
_923133
905 _aLibro
999 _c180872
_d180872